Globalisation and some measurement issues for economic statistics

Globalizácia a jej vplyv na svetový ekonomický systém. Globalizácia a ekonomická štatistika. Úlohy oficiálnej štatistiky. Úloha štatistikov. Zdokonalenia v dostupnosti informácií. Vývoj oficiálnej štatistiky. Štatistické metódy a merania.

Gespeichert in:
Bibliographische Detailangaben
1. Verfasser: Cook, Len
Format: Buchkapitel
Sprache:Englisch
Schlagworte:
Tags: Tag hinzufügen
Keine Tags, Fügen Sie das erste Tag hinzu!

MARC

LEADER 00000naa$a2200000$$$4500
001 0034058
005 20231013081300.2
041 0 |a eng 
044 |a CZ 
245 1 0 |a Globalisation and some measurement issues for economic statistics  |c Len Cook 
520 |a Globalizácia a jej vplyv na svetový ekonomický systém. Globalizácia a ekonomická štatistika. Úlohy oficiálnej štatistiky. Úloha štatistikov. Zdokonalenia v dostupnosti informácií. Vývoj oficiálnej štatistiky. Štatistické metódy a merania. 
610 2 0 |a štatistika 
610 2 0 |a štatistika ekonomická 
610 2 0 |a globalizácia 
610 2 0 |a informácie štatistické 
610 2 0 |a metodológia 
610 2 0 |a investície 
100 1 |a Cook, Len